| 000 | 00778nam a2200265Ia 4500 | ||
|---|---|---|---|
| 003 | OSt | ||
| 005 | 20220925224252.0 | ||
| 006 | a|||||r|||| 00| 0 | ||
| 007 | ta | ||
| 008 | 220923b |||||||| |||| 00| 0 eng d | ||
| 037 | _cGeneral Book | ||
| 040 |
_aRTL _cRTL _beng |
||
| 041 |
_2eng _aeng |
||
| 082 | _aY7:(B), K4 | ||
| 100 |
_aJarvie I C _941588 |
||
| 245 | 0 | _aRevolution in anthropology | |
| 250 | _aRev Edn | ||
| 260 |
_aLondon _bRoutledge & Kegan Paul _c1964 |
||
| 300 |
_axxii, 256p _ccm. |
||
| 490 | _aInternational Library of Sociology and Social Reconstruction. Ed by W J H Sprott | ||
| 500 | _aBibliography: P 243-50; Appendixes: P 225-42 | ||
| 650 | _aRace | ||
| 942 |
_hY7:(B), K4 _cGB _2CC |
||
| 999 |
_c581213 _d581213 |
||